Normal view
MARC view
- 3-D films
Entry Topical Term
001 - CONTROL NUMBER
- control field: 39222
003 - CONTROL NUMBER IDENTIFIER
- control field: OSt
005 - DATE AND TIME OF LATEST TRANSACTION
- control field: 20160202131609.0
008 - FIXED-LENGTH DATA ELEMENTS
- fixed length control field: 160202|| aca||babn | a|a d
040 ## - CATALOGING SOURCE
- Original cataloging agency: OSt
150 ## - HEADING--TOPICAL TERM
- Topical term or geographic name as entry element: 3-D films
450 ## - SEE FROM TRACING--TOPICAL TERM
- Topical term or geographic name entry element: 3D films
450 ## - SEE FROM TRACING--TOPICAL TERM
- Topical term or geographic name entry element: Moving-pictures, Three-dimensional
450 ## - SEE FROM TRACING--TOPICAL TERM
- Topical term or geographic name entry element: Stereoscopic motion pictures
450 ## - SEE FROM TRACING--TOPICAL TERM
- Topical term or geographic name entry element: Three-dimensional motion pictures
550 ## - SEE ALSO FROM TRACING--TOPICAL TERM
- Topical term or geographic name entry element: Motion pictures
550 ## - SEE ALSO FROM TRACING--TOPICAL TERM
- Topical term or geographic name entry element: Three-dimensional display systems